Movies Quiz

Random Movies or Actor Quiz

Hanks, Not Cruise Quiz Stats

 Plays Quiz not verified by Sporcle

Score 0/15 Timer 01:30
1 Play Today
% Correct
Forrest Gump
98.5%
Cast Away
97.6%
Saving Private Ryan
97.1%
Sleepless in Seattle
95.9%
You've Got Mail
95.8%
Captain Phillips
95.7%
Apollo 13
95.7%
Big
95%
% Correct
Saving Mr. Banks
94.2%
Philadelphia
93.9%
Angels & Demons
93.8%
The Terminal
93.2%
Turner & Hooch
91.7%
Splash
87.5%
Joe Versus the Volcano
80%

You're not logged in!

Compare scores with friends on all Sporcle quizzes.
OR
Log In

Show Comments

Extras

Top Quizzes Today


Score Distribution

Your Account Isn't Verified!

In order to create a playlist on Sporcle, you need to verify the email address you used during registration. Go to your Sporcle Settings to finish the process.

Report this User

Report this user for behavior that violates our Community Guidelines.

Details: